Communication / (Record no. 6337)
[ view plain ]
| 000 -LEADER | |
|---|---|
| fixed length control field | 00535pam a2200181 i 4500 |
| 005 - DATE AND TIME OF LATEST TRANSACTION | |
| control field | 20250901165605.0 |
| 008 - FIXED-LENGTH DATA ELEMENTS--GENERAL INFORMATION | |
| fixed length control field | 750403s1975 enk b 001 0 eng |
| 010 ## - LIBRARY OF CONGRESS CONTROL NUMBER | |
| LC control number | 75011683 |
| 020 ## - INTERNATIONAL STANDARD BOOK NUMBER | |
| International Standard Book Number | 0582487102. |
| -- | 0582487110 |
| 050 00 - LIBRARY OF CONGRESS CALL NUMBER | |
| Classification number | HM258 .M223 1975 |
| Item number | .M223 1975 |
| 082 00 - DEWEY DECIMAL CLASSIFICATION NUMBER | |
| Classification number | 301.14 |
| 100 1# - MAIN ENTRY--PERSONAL NAME | |
| Personal name | McQuail, Denis. |
| 245 10 - TITLE STATEMENT | |
| Title | Communication / |
| Statement of responsibility, etc. | Denis McQuail. |
| 260 ## - PUBLICATION, DISTRIBUTION, ETC. | |
| Place of publication, distribution, etc. | London ; |
| -- | New York : |
| Name of publisher, distributor, etc. | Longman, |
| Date of publication, distribution, etc. | 1975. |
| 300 ## - PHYSICAL DESCRIPTION | |
| Extent | viii, 229 p. ; |
| Dimensions | 22 cm. |
| 500 ## - GENERAL NOTE | |
| General note | Includes index. |
| 942 ## - ADDED ENTRY ELEMENTS (KOHA) | |
| Source of classification or shelving scheme | Library of Congress Classification |
| Classification part | HM258 .M223 1975 |
| Withdrawn status | Lost status | Source of classification or shelving scheme | Damaged status | Not for loan | Home library | Current library | Shelving location | Date acquired | Total checkouts | Full call number | Barcode | Date last seen | Price effective from | Koha item type |
|---|---|---|---|---|---|---|---|---|---|---|---|---|---|---|
| Library of Congress Classification | Main Library | Main Library | 12/14/2023 | HM258 .M223 1975 | PIU0006268 | 12/14/2023 | 12/14/2023 | Books |